1026 1971 1022 1063 1575 1632 1232 1796 1400 1182 1219 1737 1755 1432 1613 1004 1415 1339 1584 1117 1251 1618 1395 1137 1175 1579 1272 1363 1023 1441 1610 1274 1421 1463 1015 1164 1329 1749 1195 1521 1206 1765 1416 1505 1922 1074 1392 1558 1963 1818 1602 1244 1764 1656 1880 1329 1276 1564 1221 1131 1014 1675 1555 1219 1254 1495 1018 1787 1733 1741 1618 1697 1164 1586 1329 1528 1924 1751 1436 1996 1005 1547 1229 1806 1776 1574 1618 1288 1532 1166 1592 1205 1898 1993 1925 1024 1478 1955 1905 BCNSPRNW ULIB Ver.6.0+V

เปลี่ยนเป็นภาษาไทย

Change to English
 แสดงรายละเอียดบรรณานุกรม
  กลับหน้าหลัก

Brief Record : Get Marc (ISO 2709) : E-mail record : QR code < ปิดหน้าต่าง
LEADER : 00000nam 2200000uu 4500
001    13399125926
003     ULIB
008    171027s2560||||th 000 0 tha d
020    ^a9786164300132
060    ^aWS113^bค-
245    ^aคัมภีร์การดูแลทารกและเด็กเล็ก ฉบับสมบูรณ์
260    ^aกรุงเทพฯ :^bเอ็มไอเอส,^c2560
300    ^a404 หน้า;^c26 ซม.
650    ^aกุมารเวชศาสตร์
650  0 ^aเด็ก-การดูแล
945    ^p350^l0^i25673
945    ^p350^l0^i25674
945    ^p350^l0^i25675
945    ^p350^l0^i25676
945    ^p350^l0^i25677
999    ^aกัณชพร จุลอักษร
รายการนี้ยังไม่มีแท็ก
คุณยังไม่ได้ล็อกอิน คุณสามารถมีกิจกรรมร่วมกับเว็บไซต์ได้ แต่ต้องล็อกอินก่อน ::
  ล็อกอิน

รายการสื่อสารสนเทศ

ลำดับที่ ประเภท เลขเรียก/บาร์โค้ด สถานที่ สถานะ
1. หนังสือสำรอง
หนังสือสำรอง
WS113 ค- ฉ.1 
  Barcode: 25673
ห้องสมุดวิทยาเขตสวรรค์ประชารักษ์
►หนังสือทั่วไป
บนชั้น
2. วิทยาศาสตร์การแพทย์ และสุขภาพ
วิทยาศาสตร์การแพทย์ และสุขภาพ
WS113 ค- ฉ.2 
  Barcode: 25674
ห้องสมุดวิทยาเขตสวรรค์ประชารักษ์
►หนังสือทั่วไป
บนชั้น
3. วิทยาศาสตร์การแพทย์ และสุขภาพ
วิทยาศาสตร์การแพทย์ และสุขภาพ
WS113 ค- ฉ.3 
  Barcode: 25675
ห้องสมุดวิทยาเขตสวรรค์ประชารักษ์
►หนังสือทั่วไป
บนชั้น
4. วิทยาศาสตร์การแพทย์ และสุขภาพ
วิทยาศาสตร์การแพทย์ และสุขภาพ
WS113 ค- ฉ.4 
  Barcode: 25676
ห้องสมุดวิทยาเขตสวรรค์ประชารักษ์
►หนังสือทั่วไป
บนชั้น
5. วิทยาศาสตร์การแพทย์ และสุขภาพ
วิทยาศาสตร์การแพทย์ และสุขภาพ
WS113 ค- ฉ.5 
  Barcode: 25677
ห้องสมุดวิทยาเขตสวรรค์ประชารักษ์
►หนังสือทั่วไป
บนชั้น

รายการใกล้เคียง
    ชื่อเรื่อง [คัมภีร์การดูแลทารกและเด็กเล็ก ฉบับสมบูรณ์]

    หัวเรื่อง [กุมารเวชศาสตร์]
    หัวเรื่อง [เด็ก-การดูแล]

BibComment


ยังไม่เคยถูกคอมเมนท์

คอมเมนท์ทรัพยากรรายการนี้
  คอมเมนท์: คัมภีร์การดูแลทา..


 Copyright 2026. Bcnsprnw @Library